00698nam a2200229 a 4500001001300000003000900013005001700022008004100039020002400080082001600104100003500120245003000155260004700185300000900232500003500241505001000276700003500286902000800321942000700329952011500336999001700451nice12345678IN_TiNIC20260116013825.0050524s1988 newa grp 000 0 eng  a0819160 c67.500a297.4bSHA2 aShahmaghsoudi, Maghsoud Sadegh aManifestations of Thought aNew YorkbUniversity Press of Americc1988 a126p aincludes index and biblioraphy2 aIndex1 aShahmaghsoudi, Maghsoud Sadegh bSRS cBK 001040708StackRoom-aHMIbHMId2008-03-07g67.50l0o297.4 SHA2p016804r2008-03-07v67.50w2005-05-24yBK c12678d12678